Historia de la pedagogía; realizaciones y doctrinas /

Guardado en:
Autor Principal: Hubert, René
Formato: Libro
Publicado: Buenos Aires : Kapelusz, 1959
Edición:3a. ed.
Materias:
Etiquetas: Agregar Etiqueta
Sin Etiquetas, Sea el primero en etiquetar este registro!
LEADER 00585nam a22002055a 4500
001 CEM.cems006871
005 20060214000000.0
008 130507s1959##################000#0#####d
003 CEMS
082 0 4 |a 370.9 
100 1 |a Hubert, René 
245 1 0 |a Historia de la pedagogía; realizaciones y doctrinas / 
250 |a 3a. ed. 
260 |a Buenos Aires :  |b Kapelusz,  |c 1959 
300 |a 331 p. 
653 |a Educacion 
653 |a Filosofia de la educacion 
653 |a Pedagogia-doctrinas 
653 |a Pedagogia-historia 
859 |a CEMS  |b BIB. CEMS - 11 de abril  |h 370.9  |i H863a3  |p 6432.78  |t Ej.1